000 00563nam a2200205Ia 4500
005 20250923145056.0
008 008 250917s9999 xx 000 0 eng d
037 _aTextual
040 _aDSWL
_beng
_cDSWL
041 _aeng
_2eng
084 _aX:958, N24;2
_qDSWL
100 _aLee, John
_9831524
245 0 _aPrinciples of Industrial Welfare
_cby John Lee
260 _aLondon
_bIsaac Pitman
_c1924
300 _a250p.
365 _aINR
_b5.00
925 _g5.00
942 _cTEXL
_hX:958, N24;2
999 _c1446787
_d1446787